Statistiken für Die 10 größten Städte in Island

Klicken Sie hier um das Quiz zu spielen!

Allgemein

  • Dieses Quiz wurde 13 mal gespielt
  • Das Durchschnittsergebnis liegt bei 3 aus 10

Antwortstatistiken

NrEinwohnerStadt% Korrekt
1117.505Reykjavík
100%
417.295Akureyri
55%
68.934Keflavík
55%
510.643Garðabær
27%
325.913Hafnarfjörður
18%
96.493Selfoss
18%
86.549Akranes
9%
230.357Kópavogur
9%
78.346Mosfellsbær
9%
105.038Njarðvík
9%

Verteilung der Resultate

Perzentil nach korrekt beantworteten Fragen

Anzahl Personen mit jedem Resultat

Ihre Resultats-Entwicklung

Sie haben dieses Quiz noch nicht gespielt